400-500 Digits of Pi - Statistics

General Stats
  • This quiz has been taken 1,739 times
    1,687 since last reset
  • The average score is 55 of 100
Answer Stats
% Correct
4
100%
3
97%
3
95%
0
92%
5
91%
7
88%
2
87%
7
85%
0
84%
3
81%
5
81%
6
81%
7
79%
5
78%
5
77%
9
77%
9
77%
1
76%
9
76%
5
75%
3
73%
0
70%
9
70%
2
68%
1
66%
8
66%
6
64%
7
64%
1
63%
1
63%
3
62%
8
62%
1
61%
9
61%
2
60%
3
60%
6
60%
1
59%
1
59%
7
59%
9
58%
0
56%
1
55%
1
55%
1
55%
3
55%
5
55%
8
55%
5
54%
4
53%
8
52%
0
50%
4
49%
4
49%
6
49%
7
49%
7
49%
2
48%
3
48%
9
48%
9
46%
2
45%
6
45%
7
45%
4
44%
5
43%
9
43%
6
42%
7
42%
3
40%
5
40%
8
39%
8
39%
1
38%
5
38%
7
38%
2
37%
4
37%
5
37%
7
37%
2
36%
8
36%
1
35%
7
35%
9
35%
9
35%
2
34%
2
34%
3
34%
8
34%
0
33%
8
33%
9
33%
1
32%
1
32%
1
32%
3
32%
4
32%
9
32%
1
31%
No matching quizzes found
Score Distribution
Percent of People with Each Score
Percentile by Number Answered
Your Score History
You have not taken this quiz since the last reset